MARC

LEADER 00000nam0a2200000 4500
001 314663
005 20231102002711.0
020 |a RU  |b 83-43471 
035 |a (RuTPU)RU\TPU\book\340086 
090 |a 314663 
100 |a 20160218d1982 m y0rusy5003 ca 
101 0 |a rus 
102 |a RU 
105 |a a z 000zy 
200 1 |a Странствия великой мечты  |f Г. М. Гусев 
210 |a Москва  |c Молодая гвардия  |d 1982 
215 |a 431 с.  |c ил. 
606 1 |a Общественная мысль  |x История  |x Философия  |2 stltpush  |3 (RuTPU)RU\TPU\subj\46647  |9 65764 
610 1 |a общество 
610 1 |a общественный строй 
610 1 |a справедливость 
610 1 |a гармоническое развитие 
610 1 |a личность 
610 1 |a духовная жизнь 
610 1 |a нравственное воспитание 
610 1 |a нравственно-эстетические ценности 
610 1 |a коммунистическое общество 
686 |a Ю3  |2 rubbk 
700 1 |a Гусев  |b Г. М.  |g Геннадий Михайлович 
801 0 |a RU  |b RuMRKP  |c 19950704  |g psbo 
801 1 |a RU  |b 63413507  |c 20160218 
801 2 |a RU  |b 63413507  |c 20200717  |g RCR 
942 |c BK